PB & J Quiz Stats

 Plays Quiz not verified by Sporcle

Score 0/7 Timer 01:00
0 Plays Today
Brief Description Essential % Correct
Spread 2Jelly
98.8%
Spread 1Peanut Butter
98.6%
Every sandwich has thisBread (2 slices)
96.9%
SpreaderKnife (or 2)
94.5%
Eat it on thisPlate
93.9%
Make it on thisTable
78.1%
You have to have ___ in order to eat something (abstract noun)Hunger
39.7%

You're not logged in!

Compare scores with friends on all Sporcle quizzes.
OR
Log In

Show Comments

Extras

Created Dec 5, 2010ReportNominate
Tags:butter, jelly, peanut

Top Quizzes Today


Score Distribution

Your Account Isn't Verified!

In order to create a playlist on Sporcle, you need to verify the email address you used during registration. Go to your Sporcle Settings to finish the process.

Report this User

Report this user for behavior that violates our Community Guidelines.

Details: